000 00423nam a2200169 i 4500
001 bg
100 1 _aCHEDA, Wacław
245 0 _aTechniczny poradnik lotniczy :
_bpłatowce /
_cWacław Cheda, Michał Malski.
250 _aWyd.2 poszerz.
260 _aWarszawa,
_c1981.
700 1 _aMALSKI, Michał
040 _cBPK
041 _apol
080 _a629.7
942 _cKS
008 s pl f |000 0 pol
999 _c20238
_d20238
856 _uhttp://koha.tu.koszalin.pl/cgi-bin/koha/opac-detail.pl?biblionumber=20238
_yKatalog online BPK